|
|
|
|
| LEADER |
00000caa a2200000 c 4500 |
| 001 |
1639006648 |
| 003 |
DE-627 |
| 005 |
20201006135459.0 |
| 007 |
tu |
| 008 |
160210s2016 xx ||||| 00| ||fre c |
| 035 |
|
|
|a (DE-627)1639006648
|
| 035 |
|
|
|a (DE-576)455348561
|
| 035 |
|
|
|a (DE-599)BSZ455348561
|
| 040 |
|
|
|a DE-627
|b ger
|c DE-627
|e rda
|
| 041 |
|
|
|a fre
|
| 084 |
|
|
|a 1
|a 0
|2 ssgn
|
| 100 |
1 |
|
|e VerfasserIn
|0 (DE-588)1082309095
|0 (DE-627)847299023
|0 (DE-576)455330972
|4 aut
|a Agazzini, Kathy
|d 1970-
|
| 109 |
|
|
|a Agazzini, Kathy 1970-
|
| 245 |
1 |
0 |
|a De l'invention d'un judai͏̈sme dans l'Italie fasciste
|b un cas d'auto-conversion spontanée
|c Kathy Agazzini, Docteure en civilisation italienne, Université de Lorraine, Membre de LIS - Littératures Imaginaire Sociétés
|
| 264 |
|
1 |
|c [2016]
|
| 336 |
|
|
|a Text
|b txt
|2 rdacontent
|
| 337 |
|
|
|a ohne Hilfsmittel zu benutzen
|b n
|2 rdamedia
|
| 338 |
|
|
|a Band
|b nc
|2 rdacarrier
|
| 773 |
0 |
8 |
|i Enthalten in
|t Revue des sciences religieuses
|d Strasbourg : Université de Strasbourg, 1921
|g 90(2016), 1, Seite 63-80
|w (DE-627)12948718X
|w (DE-600)205407-3
|w (DE-576)014878828
|x 0035-2217
|7 nnas
|
| 773 |
1 |
8 |
|g volume:90
|g year:2016
|g number:1
|g pages:63-80
|
| 776 |
1 |
|
|o 10.4000/rsr.3058
|
| 951 |
|
|
|a AR
|
| ELC |
|
|
|b 1
|
| ITA |
|
|
|a 1
|t 1
|
| LOK |
|
|
|0 000 xxxxxcx a22 zn 4500
|
| LOK |
|
|
|0 001 3299141767
|
| LOK |
|
|
|0 003 DE-627
|
| LOK |
|
|
|0 004 1639006648
|
| LOK |
|
|
|0 005 20160210150919
|
| LOK |
|
|
|0 008 160210||||||||||||||||ger|||||||
|
| LOK |
|
|
|0 040
|a DE-Tue135
|c DE-627
|d DE-Tue135
|
| LOK |
|
|
|0 092
|o n
|
| LOK |
|
|
|0 852
|a DE-Tue135
|
| LOK |
|
|
|0 852 1
|9 00
|
| LOK |
|
|
|0 935
|a ixzs
|
| LOK |
|
|
|0 939
|a 10-02-16
|b l01
|
| ORI |
|
|
|a SA-MARC-ixtheoa001.raw
|
| REL |
|
|
|a 1
|
| SUB |
|
|
|a REL
|